00942nam a2200193Ia 4500008004100000020001800041040001300059082001500072100001600087245007900103260004200182300004000224500033500264650001400599650004200613650006000655650001300715700002000728191130s2006##################000#0#eng## a9780486447841 aACLcACL a745.67 TYM aTymms, W. R aMasterpieces of illuminated letters and borderscW.R. Tymms and M.D. Wyatt aMineola, NYbDover Publicationsc2006 a57 p. of plates : col. ill. ; 28 cm aSelection of plates from: The art of illuminating as practised in Europe from the earliest times, illustrated by borders, initial letters, and alphabets. London : Day and Son, Lithographers to the Queen, 1860. New selection of 58 plates selected & chromolithographed by W.R. Tymms, with an essay and instructions by M.D. Wyatt aAlphabets aBorders, Ornamental (Decorative arts) aIllumination of books and manuscripts - Themes, motives aInitials aWyatt, M. Digby